000 00293nam a22001337a 4500
008 180313b xxu||||| |||| 00| 0 eng d
020 _a9789814577298
041 _aeng
080 _a658
100 _a54
101 _aman
245 _ainternational managemment
_chill.m
942 _2udc
_cBK
999 _c44910
_d44910